|
|
|
|
| LEADER |
01109nam a2200289 i 4500 |
| 001 |
35540 |
| 003 |
BD-DhAAL |
| 005 |
20211205114325.0 |
| 008 |
270220t1974 ilua b 001 0 eng d |
| 999 |
|
|
|c 42268
|d 42268
|
| 010 |
|
|
|a 73000927
|
| 020 |
|
|
|a 0030890470
|
| 040 |
|
|
|a DLC
|c DLC
|d DLC
|d BD-DhAAL
|
| 050 |
0 |
0 |
|a LB1051
|b .H84
|
| 082 |
0 |
0 |
|a 370.15
|2 19
|
| 100 |
1 |
|
|a Hunt, David E.
|9 39638
|
| 245 |
1 |
0 |
|a Between psychology and education /
|c David E. Hunt, Edmund V. Sullivan.
|
| 260 |
|
|
|a Hinsdale, Ill. :
|b Dryden Press,
|c c1974.
|
| 300 |
|
|
|a vii, 312 pages :
|b illustrations ;
|c 24 cm.
|
| 504 |
|
|
|a Includes bibliographical reference (pages 287-300) and index
|
| 526 |
|
|
|a AAL
|
| 541 |
|
|
|a Complimentary copy from BIED
|e 35540
|
| 650 |
|
0 |
|a Educational psychology.
|9 39639
|
| 700 |
1 |
|
|a Sullivan, Edmund V.
|9 39640
|
| 852 |
|
|
|a Ayesha Abed Library
|c BIED Collection
|
| 942 |
|
|
|2 ddc
|c BK
|
| 952 |
|
|
|0 0
|1 0
|2 ddc
|4 0
|6 370_150000000000000_HUN
|7 0
|9 68027
|a BRACUL
|b BRACUL
|c GEN
|d 2020-02-27
|e Complimentary copy from BIED
|l 0
|o 370.15 HUN
|p 3010035540
|r 2020-02-27
|t 1
|w 2020-02-27
|y BK
|x Transferred from BIED to General Stacks
|